| 000 | 00455nam a2200169Ia 4500 | ||
|---|---|---|---|
| 008 | 230917s9999||||xx |||||||||||||| ||und|| | ||
| 020 | _cRS 645.00 | ||
| 040 |
_e5005875 _aMAIN |
||
| 041 | _aEnglish | ||
| 082 | _a376.973 R141G | ||
| 100 | _aRamachandran, Vimala, ed. | ||
| 245 | 0 | _aGender and education | |
| 260 |
_aHyderabad _bOrient Blackswan _c2019 |
||
| 300 | _axv, 392 p. | ||
| 500 | _a3891 24/12/2019 HBD20/8363 13/03/2020 Main Budget | ||
| 942 | _cBK | ||
| 999 |
_c767 _d767 |
||